ბათუმის შოთა რუსთაველის სახელმწიფო უნივერსიტეტის ბიბლიოთეკა

ენის არქაული ძირები (ბიბ.ჩანაწერი № 44010)

000 -LEADER
fixed length control field 00895nam a2200253Ia 4500
001 - CONTROL NUMBER
control field 10760
003 - CONTROL NUMBER IDENTIFIER
control field GE_BSU
008 - FIXED-LENGTH DATA ELEMENTS--GENERAL INFORMATION
fixed length control field 181216s||||||||xx |||||||||||||| ||und||
020 ## - INTERNATIONAL STANDARD BOOK NUMBER
International Standard Book Number 9789941416590
040 ## - CATALOGING SOURCE
Transcribing agency GE_BSU
080 ## - UNIVERSAL DECIMAL CLASSIFICATION NUMBER
Universal Decimal Classification number 81'0+81'24+81'342
100 ## - MAIN ENTRY--PERSONAL NAME
Personal name ქვრივიშვილი,ოთარ
245 ## - TITLE STATEMENT
Title ენის არქაული ძირები
245 ## - TITLE STATEMENT
Remainder of title [ენის წარმოშობა;ბგერები]
245 ## - TITLE STATEMENT
Statement of responsibility, etc. რედ:ივანე შატბერაშვილი.
260 ## - PUBLICATION, DISTRIBUTION, ETC.
Place of publication, distribution, etc. თბილისი
260 ## - PUBLICATION, DISTRIBUTION, ETC.
Name of publisher, distributor, etc. ნეკერი
260 ## - PUBLICATION, DISTRIBUTION, ETC.
Date of publication, distribution, etc. 2010
300 ## - PHYSICAL DESCRIPTION
Extent 203გვ;21სმ.
300 ## - PHYSICAL DESCRIPTION
Other physical details შენიშვნები:გვ.202-203.
653 ## - INDEX TERM--UNCONTROLLED
Uncontrolled term ენის არქაული ძირები:[ენის წარმოშობა;ბგერები]
942 ## - ADDED ENTRY ELEMENTS (KOHA)
Koha item type წიგნი
ეგზემპლარები
Withdrawn status Lost status Damaged status Not for loan Date acquired Barcode Date last seen Price effective from Koha item type
        2018-12-17 35104 2018-12-17 2018-12-17 წიგნი
        2018-12-17 35105 2018-12-17 2018-12-17 წიგნი